000 00542nam a2200193 i 4500
001 88516
003 ES-MaACL
005 20230906175856.0
007 t|
008 050104s1910 fr ||||1| fre d
100 1 _aLaloy, Louis.
_969745
245 1 3 _aLa musique chinoise /
_cpar Louis Laloy.
260 _aParís :
_b[s.n.,
_c1910] (
_eEvreux :
_fCh. Herissey)
300 _a126 p. ;
_c21 cm.
490 1 _aLes musiciens célèbres
830 0 _aLes musiciens célèbres
_9184866
852 _aES-MaACL
_jF-11562
999 _c88516
_d88516